LEADER 01185cam0 22002891 450 001 SOBE00054834 005 20170309081905.0 010 $a9788866895602 100 $a20170308d2015 |||||ita|0103 ba 101 $aita 102 $aIT 200 1 $aCommentario al Codice delle assicurazioni RCA e tutela legale$eaggiornato con la sentenza delle Sezioni unite sul danno da morte (sentenza 22 luglio 2015, n. 15350)$fGiorgio Gallone$gcon il contributo di Giovanni Bernardi ... [et al.]$gprefazioni di Angelo Fiori, Danilo Sestini 205 $a3. ed 210 $aPiacenza$cLa tribuna$d2015 215 $aXXXVIII, 1496 p.$d26 cm 225 2 $aTribuna Major 410 1$1001LAEC00027424$12001 $a*Tribuna Major 700 1$aGallone$b, Giorgio$3AF00008873$4070$0237836 801 0$aIT$bUNISOB$c20170309$gRICA 850 $aUNISOB 852 $aUNISOB$j340$m167958 912 $aSOBE00054834 940 $aM 102 Monografia moderna SBN 941 $aM 957 $a340$b008021$gCON$d167958$n20170228$racquisto$tV$1menle$2UNISOB$3UNISOB$420170308111026.0$520170309081905.0$6catenacci 996 $aCommentario al Codice delle assicurazioni RCA e tutela legale$91727352 997 $aUNISOB LEADER 00916cam2 22002653 450 001 SOB000000130 005 20220502093041.0 100 $a20001228d1965 |||||ita|0103 ba 101 $aita 102 $aIT 200 1 $a<<1: >>Diritto delle istituzioni internazionali$fRiccardo Monaco 205 $a[2. ed.] 210 $aTorino$cG. Giappichelli$d1965 215 $a416 p.$d25 cm 461 1$1001SOBE00071062$12000 $aLezioni di organizzazione internazionale / Riccardo Monaco 700 1$aMonaco$b, Riccardo$3AF00008109$4070$0227852 801 0$aIT$bUNISOB$c20220502$gRICA 850 $aUNISOB 852 $aUNISOB$j340$m16607 912 $aSOB000000130 940 $aM 102 Monografia moderna SBN 941 $aM 957 $a340$b000211$i-1$gSI$d16607$rACQUISTO$1rovito$2UNISOB$3UNISOB$420220502092822.0$520220502093041.0$6rovito 996 $aDiritto delle istituzioni internazionali$92833369 997 $aUNISOB